Primeiro atlas (Registo nº 2761)

Detalhes MARC
000 -Etiqueta do registo
Cabeçalho 00897nam a22003131 4500
005 - Identificador da versão
Campo de controlo 20240813121944.0
095 ## -
-- PTBN00779397
010 ## - Número internacional normalizado dos livros (ISBN)
Número (ISBN) 9722110055
021 ## - Número do Depósito Legal
Código do país PT
Número 89438/95
100 ## - Dados gerais de processamento
Dados gerais de processamento 19980929d1995 cd y0pory5003 ba
102 ## - Pais de publicação ou produção
País de publicação Portugal
101 1# - Língua de publicação
Língua do texto, banda sonora, etc. Português
Língua do documento no original Inglês
106 ## - Campo de dados codificados: material textual
Dados codificados do material textual r
105 ## - Campo de dados codificados: livros
Dados codificados dos livros a z 001yy
215 ## - Descrição física 
Indicação específica da natureza do documento e extensão da espécie 20 p.
Outras indicações físicas il.
Dimensões 33 cm
200 1# - Titulo e menção de responsabilidade
Título próprio Primeiro atlas
Primeira menção de responsabilidade Philip Steele
Outras menções de responsabilidade trad. António Pescada
-- il. Claire Henley e Chris Russell
210 ## - Publicação, Distribuição, etc. 
Lugar da edição, distribuição, etc. Lisboa
Nome do editor, distribuidor, etc. Caminho
Data da publicação, distribuição, etc. 1995
304 ## - Notas relativas a título e menção de responsabilidade 
Texto da nota Tít. orig.: First Atlas
606 ## - Nome comum usado como assunto
Número de registo de entrada de autoridade 0001467
Palavra de ordem Geografia
Subdivisão de assunto Atlas
675 ## - Classificação Decimal Universal (CDU)
Notação 91(030)
Edição
Língua da edição por
702 #1 - Nome de autor-pessoa física (responsabilidade secundária)
Número de registo de entrada de autoridade 0001724
Palavra de ordem Henley
Outra parte do nome não tomada para palavra de ordem Claire
Código de função Ilustrador / Técnico de desenho computorizado
Número de registo de entrada de autoridade 0001725
Palavra de ordem Russell
Outra parte do nome não tomada para palavra de ordem Chris
Código de função Ilustrador / Técnico de desenho computorizado
Número de registo de entrada de autoridade 0000924
Palavra de ordem Pescada
Outra parte do nome não tomada para palavra de ordem António
Datas 1938-
Código de função Tradutor
700 #1 - Nome de autor-pessoa física (responsabilidade principal)
Número de registo de entrada de autoridade 0001677
Palavra de ordem Steele
Outra parte do nome não tomada para palavra de ordem Philip
942 ## - Elementos de entrada adicionados (Koha)
Tipo de item no Koha Livro
Exemplares
Situação do levantamento Origin of item (home branch) (coded) Biblioteca de empréstimo Código de barras Cota Circulation type (not for loan) Tipo de documento Nota do exemplar Damaged status
  Biblioteca Escolar da Coca Maravilhas Biblioteca Escolar da Coca Maravilhas BECM3520/98 9GEO STE   Livro Sem mensagem